| 000 | 00611nam a2200253Ia 4500 | ||
|---|---|---|---|
| 008 | 160321s9999||||xx |||||||||||||| ||und|| | ||
| 040 | _cEnglish | ||
| 082 | _aXIC/Orr | ||
| 082 | _bBORI-13297 | ||
| 100 | _aW. G. Orr | ||
| 245 | 2 | _aA Sixteen Century Indian Mystic | |
| 300 | _a238 | ||
| 300 | _cB | ||
| 300 | _eHardbound | ||
| 530 | _u00080727.pdf | ||
| 563 | _aStudy | ||
| 600 | _aW. G. Orr | ||
| 630 | _aA Sixteen Century Indian Mystic | ||
| 650 | _aGeneral Indology | ||
| 650 | _aPhilosophy | ||
| 700 | _aW. G. Orr | ||
| 730 | _aA Sixteen Century Indian Mystic | ||
| 942 | _cBOOK | ||
| 999 |
_c1357341 _d1357338 |
||